[Event "Budimex Polish Women's Championship"]
[Site "www.chessmanager.com"]
[Date "2018.05.12"]
[Round "1"]
[White "Socko, Monika"]
[Black "Majdan, Joanna"]
[Result "1-0"]
[Board "1"]
[WhiteElo "2458"]
[WhiteTitle "GM"]
[WhiteCountry "POL"]
[WhiteFideId "1106619"]
[WhiteEloChange "4"]
[BlackElo "2369"]
[BlackTitle "WGM"]
[BlackCountry "POL"]
[BlackFideId "1121979"]
[BlackEloChange "-7"]

1. d4 {[%clk 1:30:59]} c5 {[%clk 1:30:53]} 2. d5 {[%clk 1:31:20]} e6 {[%clk
1:31:11]} 3. c4 {[%clk 1:31:36]} d6 {[%clk 1:31:00]} 4. Nc3 {[%clk 1:31:28]} exd5
{[%clk 1:31:20]} 5. cxd5 {[%clk 1:31:48]} a6 {[%clk 1:31:45]} 6. a4 {[%clk
1:31:52]} g6 {[%clk 1:32:09]} 7. g3 {[%clk 1:30:44]} Bg7 {[%clk 1:31:09]} 8. Bg2
{[%clk 1:31:08]} Nf6 {[%clk 1:30:51]} 9. Nf3 {[%clk 1:31:25]} O-O {[%clk
1:30:46]} 10. O-O {[%clk 1:31:49]} Nbd7 {[%clk 1:27:57]} 11. Bf4 {[%clk 1:28:08]}
Qe7 {[%clk 1:26:08]} 12. e4 {[%clk 1:17:01]} Ng4 {[%clk 1:20:11]} 13. Bg5 {[%clk
1:14:10]} f6 {[%clk 1:11:13]} 14. Bc1 {[%clk 1:14:32]} Rb8 {[%clk 1:07:06]} 15.
Nd2 {[%clk 1:11:23]} Nge5 {[%clk 0:57:01]} 16. Qe2 {[%clk 1:07:59]} Nf7 {[%clk
0:56:17]} 17. f4 {[%clk 1:05:13]} f5 {[%clk 0:56:33]} 18. Re1 {[%clk 1:00:51]}
Re8 {[%clk 0:53:32]} 19. Nc4 {[%clk 0:57:21]} Bd4+ {[%clk 0:52:34]} 20. Be3
{[%clk 0:47:16]} Bxc3 {[%clk 0:49:17]} 21. bxc3 {[%clk 0:47:41]} fxe4 {[%clk
0:49:45]} 22. Bc1 {[%clk 0:41:54]} Nf6 {[%clk 0:49:02]} 23. Ne3 {[%clk 0:42:21]}
b5 {[%clk 0:47:51]} 24. axb5 {[%clk 0:41:27]} axb5 {[%clk 0:47:43]} 25. c4 {[%clk
0:41:01]} bxc4 {[%clk 0:48:08]} 26. Bb2 {[%clk 0:37:16]} Nh6 {[%clk 0:42:53]} 27.
Nxc4 {[%clk 0:34:56]} Nf5 {[%clk 0:39:32]} 28. Qd2 {[%clk 0:34:27]} Rb4 {[%clk
0:33:25]} 29. Na5 {[%clk 0:32:17]} Bd7 {[%clk 0:32:08]} 30. Bc3 {[%clk 0:31:04]}
Rb6 {[%clk 0:29:51]} 31. Nc4 {[%clk 0:30:58]} Rb7 {[%clk 0:29:49]} 32. Ra3 {[%clk
0:26:58]} Bb5 {[%clk 0:23:17]} 33. Na5 {[%clk 0:26:14]} Rbb8 {[%clk 0:22:20]} 34.
Nc6 {[%clk 0:22:29]} Bxc6 {[%clk 0:22:45]} 35. dxc6 {[%clk 0:22:58]} Kf8 {[%clk
0:13:07]} 36. Qa2 {[%clk 0:16:23]} Qf7 {[%clk 0:11:10]} 37. Qa1 {[%clk 0:11:02]}
Nd5 {[%clk 0:10:41]} 38. Ra7 {[%clk 0:11:19]} Re7 {[%clk 0:08:42]} 39. Rxe7
{[%clk 0:10:53]} Nfxe7 {[%clk 0:08:00]} 40. c7 {[%clk 0:34:22]} Nxc7 {[%clk
0:35:37]} 41. Bxe4 {[%clk 0:33:18]} d5 {[%clk 0:34:07]} 42. Be5 {[%clk 0:25:03]}
Ra8 {[%clk 0:33:24]} 43. Qb2 {[%clk 0:24:56]} Ne8 {[%clk 0:30:41]} 44. Bg2 {[%clk
0:24:01]} Rc8 {[%clk 0:23:35]} 45. Qb7 {[%clk 0:22:26]} Rd8 {[%clk 0:21:24]} 46.
Qb6 {[%clk 0:19:49]} Rc8 {[%clk 0:21:51]} 47. Qa6 {[%clk 0:16:13]} Rc6 {[%clk
0:17:37]} 48. Qb7 {[%clk 0:15:33]} c4 {[%clk 0:16:59]} 49. Bc3 {[%clk 0:12:57]}
Re6 {[%clk 0:17:03]} 50. Ra1 {[%clk 0:12:19]} Re2 {[%clk 0:15:35]} 51. Bf3 {[%clk
0:08:34]} Re3 {[%clk 0:15:22]} 52. Bb4 {[%clk 0:09:03]} Qf6 {[%clk 0:13:30]} 53.
Rf1 {[%clk 0:09:19]} d4 {[%clk 0:13:09]} 54. Bc6 {[%clk 0:08:21]} Nd6 {[%clk
0:10:36]} 55. Qb8+ {[%clk 0:06:59]} Kg7 {[%clk 0:09:51]} 56. Bxd6 {[%clk
0:06:43]} Nxc6 {[%clk 0:10:12]} 57. Qc7+ {[%clk 0:07:00]} Ne7 {[%clk 0:09:40]}
58. Be5 {[%clk 0:06:11]} Rxe5 {[%clk 0:10:09]} 59. fxe5 {[%clk 0:06:37]} Qg5
{[%clk 0:10:36]} 60. Rf4 {[%clk 0:05:27]} c3 {[%clk 0:10:15]} 61. Qd8 {[%clk
0:02:32]} 1-0

[Event "Budimex Polish Women's Championship"]
[Site "www.chessmanager.com"]
[Date "2018.05.12"]
[Round "1"]
[White "Warakomska, Anna"]
[Black "Bartel, Marta"]
[Result "1-0"]
[Board "2"]
[WhiteElo "2295"]
[WhiteTitle "WIM"]
[WhiteCountry "POL"]
[WhiteFideId "1130790"]
[WhiteEloChange "10"]
[BlackElo "2280"]
[BlackTitle "WGM"]
[BlackCountry "POL"]
[BlackFideId "1123009"]
[BlackEloChange "-10"]

1. e4 {[%clk 1:30:51]} c6 {[%clk 1:30:49]} 2. d4 {[%clk 1:31:07]} d5 {[%clk
1:31:13]} 3. e5 {[%clk 1:31:17]} c5 {[%clk 1:31:29]} 4. dxc5 {[%clk 1:31:14]} e6
{[%clk 1:31:49]} 5. a3 {[%clk 1:30:40]} Bxc5 {[%clk 1:31:58]} 6. b4 {[%clk
1:30:04]} Be7 {[%clk 1:31:36]} 7. Bb2 {[%clk 1:26:48]} a5 {[%clk 1:27:55]} 8. b5
{[%clk 1:10:03]} Nd7 {[%clk 1:25:49]} 9. c4 {[%clk 1:07:21]} Nb6 {[%clk 0:58:42]}
10. Nd2 {[%clk 1:04:27]} Nh6 {[%clk 0:51:32]} 11. Ngf3 {[%clk 1:02:27]} dxc4
{[%clk 0:47:54]} 12. Nxc4 {[%clk 0:52:12]} Qxd1+ {[%clk 0:44:41]} 13. Rxd1 {[%clk
0:52:30]} Na4 {[%clk 0:41:28]} 14. Ba1 {[%clk 0:49:46]} O-O {[%clk 0:35:47]} 15.
Be2 {[%clk 0:46:48]} f6 {[%clk 0:30:32]} 16. O-O {[%clk 0:44:03]} Nf7 {[%clk
0:30:52]} 17. Rfe1 {[%clk 0:37:02]} fxe5 {[%clk 0:15:05]} 18. Nfxe5 {[%clk
0:34:36]} Nxe5 {[%clk 0:11:28]} 19. Bxe5 {[%clk 0:34:46]} Bf6 {[%clk 0:11:14]}
20. Bf3 {[%clk 0:30:23]} Nc3 {[%clk 0:09:20]} 21. Rc1 {[%clk 0:23:28]} Bxe5
{[%clk 0:05:30]} 22. Rxe5 {[%clk 0:23:14]} Na4 {[%clk 0:03:49]} 23. Bd1 {[%clk
0:21:49]} 1-0

[Event "Budimex Polish Women's Championship"]
[Site "www.chessmanager.com"]
[Date "2018.05.12"]
[Round "1"]
[White "Kubicka, Anna"]
[Black "Szczepkowska, Karina"]
[Result "0-1"]
[Board "3"]
[WhiteElo "2219"]
[WhiteTitle "WIM"]
[WhiteCountry "POL"]
[WhiteFideId "1152254"]
[WhiteEloChange "-5"]
[BlackElo "2404"]
[BlackTitle "IM"]
[BlackCountry "POL"]
[BlackFideId "1122681"]
[BlackEloChange "3"]

1. e4 {[%clk 1:30:52]} c5 {[%clk 1:30:54]} 2. Nf3 {[%clk 1:31:11]} d6 {[%clk
1:31:17]} 3. d4 {[%clk 1:31:32]} cxd4 {[%clk 1:31:39]} 4. Nxd4 {[%clk 1:31:55]}
Nf6 {[%clk 1:31:57]} 5. Nc3 {[%clk 1:31:27]} Bd7 {[%clk 1:32:14]} 6. Bg5 {[%clk
1:27:47]} e6 {[%clk 1:32:31]} 7. Qd2 {[%clk 1:27:45]} a6 {[%clk 1:32:27]} 8.
O-O-O {[%clk 1:27:59]} b5 {[%clk 1:30:34]} 9. f3 {[%clk 1:27:42]} Be7 {[%clk
1:29:36]} 10. Be3 {[%clk 1:26:59]} b4 {[%clk 1:28:03]} 11. Nce2 {[%clk 1:26:28]}
e5 {[%clk 1:27:57]} 12. Nf5 {[%clk 1:19:59]} Bxf5 {[%clk 1:28:21]} 13. exf5
{[%clk 1:20:24]} d5 {[%clk 1:28:33]} 14. Bg5 {[%clk 1:13:22]} Nbd7 {[%clk
1:21:20]} 15. Kb1 {[%clk 1:11:15]} O-O {[%clk 1:03:26]} 16. g4 {[%clk 1:07:36]}
d4 {[%clk 0:53:51]} 17. Ng3 {[%clk 1:00:30]} Nd5 {[%clk 0:52:16]} 18. Bxe7 {[%clk
1:00:44]} Qxe7 {[%clk 0:52:18]} 19. Re1 {[%clk 0:59:45]} Rfc8 {[%clk 0:44:40]}
20. Bd3 {[%clk 0:54:45]} Rab8 {[%clk 0:38:52]} 21. Ne4 {[%clk 0:41:56]} Nc5
{[%clk 0:32:37]} 22. g5 {[%clk 0:21:48]} Nc3+ {[%clk 0:15:32]} 23. Ka1 {[%clk
0:22:09]} N5xe4 {[%clk 0:15:37]} 24. Bxe4 {[%clk 0:21:21]} Qc5 {[%clk 0:15:30]}
25. g6 {[%clk 0:14:17]} Qa5 {[%clk 0:11:16]} 26. gxf7+ {[%clk 0:14:16]} Kf8
{[%clk 0:10:58]} 27. a3 {[%clk 0:12:22]} b3 {[%clk 0:08:55]} 28. cxb3 {[%clk
0:08:04]} Rxb3 {[%clk 0:09:07]} 29. Bb1 {[%clk 0:07:23]} Rcb8 {[%clk 0:07:50]}
30. bxc3 {[%clk 0:05:37]} Rxa3+ {[%clk 0:07:41]} 31. Ba2 {[%clk 0:05:34]} Rxa2+
{[%clk 0:08:04]} 0-1

[Event "Budimex Polish Women's Championship"]
[Site "www.chessmanager.com"]
[Date "2018.05.12"]
[Round "1"]
[White "Kulon, Klaudia"]
[Black "Zawadzka, Jolanta"]
[Result "1/2-1/2"]
[Board "4"]
[WhiteElo "2353"]
[WhiteTitle "WGM"]
[WhiteCountry "POL"]
[WhiteFideId "1131044"]
[WhiteEloChange "2"]
[BlackElo "2424"]
[BlackTitle "WGM"]
[BlackCountry "POL"]
[BlackFideId "1122320"]
[BlackEloChange "-1"]

1. e4 {[%clk 1:30:57]} e5 {[%clk 1:30:53]} 2. Nf3 {[%clk 1:31:23]} Nf6 {[%clk
1:31:18]} 3. Nxe5 {[%clk 1:31:36]} d6 {[%clk 1:31:41]} 4. Nf3 {[%clk 1:32:00]}
Nxe4 {[%clk 1:32:04]} 5. Nc3 {[%clk 1:32:23]} Nxc3 {[%clk 1:32:29]} 6. dxc3
{[%clk 1:32:50]} Be7 {[%clk 1:32:50]} 7. Bf4 {[%clk 1:32:35]} O-O {[%clk
1:32:51]} 8. Qd2 {[%clk 1:32:12]} Nd7 {[%clk 1:33:04]} 9. O-O-O {[%clk 1:29:44]}
Nc5 {[%clk 1:33:06]} 10. Be3 {[%clk 1:27:31]} c6 {[%clk 1:32:29]} 11. Nd4 {[%clk
1:22:13]} Re8 {[%clk 1:16:53]} 12. f3 {[%clk 1:19:36]} Bf6 {[%clk 1:14:13]} 13.
g4 {[%clk 1:11:55]} Bxg4 {[%clk 0:57:28]} 14. fxg4 {[%clk 1:12:00]} Rxe3 {[%clk
0:57:50]} 15. h4 {[%clk 1:11:07]} Re8 {[%clk 0:55:36]} 16. Nf5 {[%clk 1:08:53]}
Qa5 {[%clk 0:44:53]} 17. Bc4 {[%clk 0:50:22]} d5 {[%clk 0:43:03]} 18. Bb3 {[%clk
0:49:59]} Ne4 {[%clk 0:33:24]} 19. Qf4 {[%clk 0:45:05]} Be5 {[%clk 0:27:51]} 20.
Qf3 {[%clk 0:45:14]} b5 {[%clk 0:28:01]} 21. Rhf1 {[%clk 0:39:39]} Qc7 {[%clk
0:26:58]} 22. Rxd5 {[%clk 0:34:03]} cxd5 {[%clk 0:21:05]} 23. Bxd5 {[%clk
0:34:32]} Rad8 {[%clk 0:18:44]} 24. Bxe4 {[%clk 0:34:28]} Qc4 {[%clk 0:13:07]}
25. Kb1 {[%clk 0:31:22]} Bf6 {[%clk 0:05:18]} 26. Bd3 {[%clk 0:30:50]} Qd5 {[%clk
0:05:15]} 27. Qf2 {[%clk 0:29:50]} a6 {[%clk 0:03:15]} 28. a3 {[%clk 0:29:13]}
Rd7 {[%clk 0:02:35]} 29. g5 {[%clk 0:25:09]} Bd8 {[%clk 0:02:39]} 30. Qf4 {[%clk
0:24:33]} Qe5 {[%clk 0:01:52]} 31. Qg4 {[%clk 0:24:49]} Rc7 {[%clk 0:01:07]} 32.
a4 {[%clk 0:19:51]} g6 {[%clk 0:01:12]} 33. Nh6+ {[%clk 0:19:03]} Kg7 {[%clk
0:01:40]} 34. axb5 {[%clk 0:18:49]} axb5 {[%clk 0:02:05]} 35. Qb4 {[%clk
0:19:12]} Ra7 {[%clk 0:02:04]} 36. Qd4 {[%clk 0:14:46]} Qxd4 {[%clk 0:01:43]} 37.
cxd4 {[%clk 0:15:15]} f6 {[%clk 0:01:11]} 38. Ng4 {[%clk 0:12:21]} fxg5 {[%clk
0:01:33]} 39. hxg5 {[%clk 0:12:49]} Bxg5 {[%clk 0:01:19]} 40. Bxb5 {[%clk
0:42:57]} Re4 {[%clk 0:30:44]} 41. Ne5 {[%clk 0:43:02]} Bf6 {[%clk 0:26:21]} 42.
Bd3 {[%clk 0:37:32]} Rh4 {[%clk 0:26:07]} 43. Nc6 {[%clk 0:37:31]} Rb7 {[%clk
0:18:44]} 44. c3 {[%clk 0:36:09]} Rh3 {[%clk 0:17:18]} 45. Rd1 {[%clk 0:33:19]}
Rb6 {[%clk 0:16:20]} 46. Na5 {[%clk 0:32:25]} h5 {[%clk 0:16:10]} 47. b4 {[%clk
0:32:27]} h4 {[%clk 0:14:29]} 48. Kc2 {[%clk 0:32:07]} Rg3 {[%clk 0:11:46]} 49.
Nc4 {[%clk 0:31:44]} Rb8 {[%clk 0:11:49]} 50. Nd6 {[%clk 0:31:01]} h3 {[%clk
0:09:50]} 51. b5 {[%clk 0:30:20]} h2 {[%clk 0:05:23]} 52. Rh1 {[%clk 0:30:42]}
Rg2+ {[%clk 0:05:39]} 53. Kb3 {[%clk 0:30:48]} Rd2 {[%clk 0:05:52]} 54. Be4
{[%clk 0:30:38]} Be7 {[%clk 0:04:09]} 55. Nc4 {[%clk 0:30:57]} Rf2 {[%clk
0:03:52]} 56. Bc6 {[%clk 0:31:17]} g5 {[%clk 0:04:04]} 57. Re1 {[%clk 0:30:15]}
Bf6 {[%clk 0:04:01]} 58. Ne3 {[%clk 0:30:02]} Rf4 {[%clk 0:03:41]} 59. Rh1 {[%clk
0:29:51]} Rh8 {[%clk 0:03:28]} 60. b6 {[%clk 0:28:48]} g4 {[%clk 0:00:52]} 61. b7
{[%clk 0:27:05]} g3 {[%clk 0:01:20]} 62. Ra1 {[%clk 0:25:27]} Bg5 {[%clk
0:01:09]} 63. Ra8 {[%clk 0:23:05]} h1Q {[%clk 0:01:13]} 64. Bxh1 {[%clk 0:23:24]}
Rxh1 {[%clk 0:01:41]} 65. Rg8+ {[%clk 0:23:14]} Kf7 {[%clk 0:01:11]} 66. Rxg5
{[%clk 0:23:30]} Rb1+ {[%clk 0:01:17]} 67. Kc2 {[%clk 0:23:37]} Rxb7 {[%clk
0:01:38]} 68. Rxg3 {[%clk 0:24:04]} Rf2+ {[%clk 0:02:02]} 69. Kd3 {[%clk
0:24:25]} Rbb2 {[%clk 0:02:06]} 70. Nc4 {[%clk 0:24:28]} Rb1 {[%clk 0:02:10]} 71.
Ne5+ {[%clk 0:23:55]} Ke6 {[%clk 0:02:29]} 72. Re3 {[%clk 0:23:30]} Rd1+ {[%clk
0:02:36]} 73. Kc4 {[%clk 0:22:04]} Kd6 {[%clk 0:02:53]} 74. Rh3 {[%clk 0:22:10]}
Rf6 {[%clk 0:02:06]} 75. Rh7 {[%clk 0:21:54]} Ke6 {[%clk 0:01:55]} 76. Nd3 {[%clk
0:21:09]} Kd6 {[%clk 0:01:42]} 77. Nc5 {[%clk 0:21:23]} Rf5 {[%clk 0:01:31]} 78.
Rh6+ {[%clk 0:20:42]} Kc7 {[%clk 0:01:43]} 79. Na6+ {[%clk 0:20:36]} Kb7 {[%clk
0:01:52]} 80. Nb4 {[%clk 0:21:02]} Rf3 {[%clk 0:01:12]} 81. Nd5 {[%clk 0:21:22]}
Rc1 {[%clk 0:01:04]} 82. Kb4 {[%clk 0:20:58]} Rd1 {[%clk 0:00:56]} 83. Kc5 {[%clk
0:21:19]} Rg3 {[%clk 0:00:52]} 84. Rh7+ {[%clk 0:20:52]} Kb8 {[%clk 0:01:19]} 85.
c4 {[%clk 0:20:41]} Rg5 {[%clk 0:01:34]} 86. Rf7 {[%clk 0:19:44]} Rh5 {[%clk
0:00:41]} 87. Kb6 {[%clk 0:18:41]} Rb1+ {[%clk 0:00:52]} 88. Kc6 {[%clk 0:18:42]}
Rh6+ {[%clk 0:01:18]} 89. Rf6 {[%clk 0:18:37]} Rxf6+ {[%clk 0:01:35]} 90. Nxf6
{[%clk 0:19:06]} Rh1 {[%clk 0:01:41]} 91. Nd7+ {[%clk 0:19:26]} Kc8 {[%clk
0:02:05]} 92. Nb6+ {[%clk 0:19:35]} Kd8 {[%clk 0:02:25]} 93. d5 {[%clk 0:19:59]}
Rc1 {[%clk 0:02:06]} 94. d6 {[%clk 0:20:15]} Rc2 {[%clk 0:01:44]} 95. c5 {[%clk
0:20:32]} Rc1 {[%clk 0:01:39]} 96. Nd5 {[%clk 0:20:15]} Rb1 {[%clk 0:01:19]} 97.
Nc3 {[%clk 0:16:18]} Rc1 {[%clk 0:01:22]} 98. Nb5 {[%clk 0:16:34]} Rc2 {[%clk
0:01:15]} 99. Nd4 {[%clk 0:16:31]} Rd2 {[%clk 0:01:28]} 100. Kd5 {[%clk 0:16:46]}
Rd1 {[%clk 0:01:06]} 101. c6 {[%clk 0:16:40]} Kc8 {[%clk 0:00:53]} 102. Kc5
{[%clk 0:15:57]} Rc1+ {[%clk 0:01:20]} 103. Kb6 {[%clk 0:16:21]} Rb1+ {[%clk
0:01:13]} 104. Nb5 {[%clk 0:16:48]} Rb2 {[%clk 0:01:06]} 105. d7+ {[%clk
0:16:06]} Kd8 {[%clk 0:01:32]} 106. Ka6 {[%clk 0:16:30]} Rb1 {[%clk 0:01:09]}
107. Ka5 {[%clk 0:12:35]} Ra1+ {[%clk 0:00:41]} 108. Kb6 {[%clk 0:12:50]} Rb1
{[%clk 0:01:07]} 109. Ka6 {[%clk 0:13:17]} Rb2 {[%clk 0:01:22]} 110. Nd4 {[%clk
0:13:34]} Kc7 {[%clk 0:01:05]} 111. Nb5+ {[%clk 0:12:02]} 1/2-1/2

[Event "Budimex Polish Women's Championship"]
[Site "www.chessmanager.com"]
[Date "2018.05.13"]
[Round "2"]
[White "Majdan, Joanna"]
[Black "Rajlich, Iweta"]
[Result "1-0"]
[Board "1"]
[WhiteElo "2369"]
[WhiteTitle "WGM"]
[WhiteCountry "POL"]
[WhiteFideId "1121979"]
[WhiteEloChange "11"]
[BlackElo "2389"]
[BlackTitle "IM"]
[BlackCountry "POL"]
[BlackFideId "1108166"]
[BlackEloChange "-11"]

1. e4 {[%clk 1:30:57]} d6 {[%clk 1:30:58]} 2. d4 {[%clk 1:31:18]} Nf6 {[%clk
1:31:25]} 3. Nc3 {[%clk 1:31:44]} e5 {[%clk 1:31:52]} 4. Nf3 {[%clk 1:32:09]}
Nbd7 {[%clk 1:32:16]} 5. g3 {[%clk 1:32:32]} Be7 {[%clk 1:30:15]} 6. Bg2 {[%clk
1:32:57]} O-O {[%clk 1:30:41]} 7. O-O {[%clk 1:33:16]} c6 {[%clk 1:30:13]} 8. a4
{[%clk 1:32:44]} Re8 {[%clk 1:28:46]} 9. b3 {[%clk 1:29:52]} Bf8 {[%clk 1:28:34]}
10. Bb2 {[%clk 1:28:34]} Qc7 {[%clk 1:25:37]} 11. Qd2 {[%clk 1:22:12]} Rb8 {[%clk
1:24:55]} 12. a5 {[%clk 1:18:51]} b5 {[%clk 1:22:58]} 13. axb6 {[%clk 1:19:15]}
Nxb6 {[%clk 1:23:23]} 14. Ra2 {[%clk 1:18:18]} a6 {[%clk 1:21:22]} 15. dxe5
{[%clk 1:15:34]} dxe5 {[%clk 1:21:40]} 16. Rfa1 {[%clk 1:14:41]} Bb4 {[%clk
1:14:48]} 17. Qe2 {[%clk 1:12:30]} Bb7 {[%clk 1:11:05]} 18. Na4 {[%clk 1:05:17]}
Nbd7 {[%clk 1:03:25]} 19. Nd2 {[%clk 0:59:22]} Bxd2 {[%clk 0:52:24]} 20. Qxd2
{[%clk 0:59:43]} c5 {[%clk 0:52:01]} 21. Qe2 {[%clk 0:55:51]} c4 {[%clk 0:47:57]}
22. b4 {[%clk 0:56:05]} Qd6 {[%clk 0:42:37]} 23. Bc3 {[%clk 0:54:46]} Qc6 {[%clk
0:41:09]} 24. Re1 {[%clk 0:55:10]} Rbc8 {[%clk 0:34:50]} 25. Nb2 {[%clk 0:53:01]}
Nb6 {[%clk 0:30:06]} 26. Ra5 {[%clk 0:52:58]} Nfd7 {[%clk 0:26:15]} 27. Bh3
{[%clk 0:42:07]} Rc7 {[%clk 0:25:15]} 28. f3 {[%clk 0:41:26]} f6 {[%clk 0:17:51]}
29. Rd1 {[%clk 0:41:01]} Bc8 {[%clk 0:18:04]} 30. Rd2 {[%clk 0:37:43]} Nf8 {[%clk
0:16:46]} 31. Bxc8 {[%clk 0:36:07]} Nxc8 {[%clk 0:15:44]} 32. Rc5 {[%clk
0:36:34]} Qb6 {[%clk 0:15:49]} 33. Na4 {[%clk 0:35:20]} Qa7 {[%clk 0:16:07]} 34.
Qxc4+ {[%clk 0:35:43]} Ne6 {[%clk 0:09:34]} 35. Kg2 {[%clk 0:35:39]} Rxc5 {[%clk
0:09:07]} 36. Nxc5 {[%clk 0:35:35]} Nb6 {[%clk 0:08:47]} 37. Qb3 {[%clk 0:22:18]}
Qf7 {[%clk 0:08:50]} 38. Nxe6 {[%clk 0:22:27]} Qxe6 {[%clk 0:09:14]} 39. Rd6
{[%clk 0:22:14]} Qxb3 {[%clk 0:09:39]} 40. cxb3 {[%clk 0:52:41]} Rb8 {[%clk
0:36:55]} 41. Be1 {[%clk 0:49:58]} Na8 {[%clk 0:34:16]} 42. Rc6 {[%clk 0:47:17]}
Kf8 {[%clk 0:33:41]} 43. Bf2 {[%clk 0:43:39]} Ke8 {[%clk 0:33:44]} 44. Bc5 {[%clk
0:43:42]} Kd7 {[%clk 0:33:55]} 45. Rd6+ {[%clk 0:43:16]} Kc8 {[%clk 0:31:30]} 46.
Rxa6 {[%clk 0:43:12]} Nc7 {[%clk 0:31:57]} 47. Rc6 {[%clk 0:41:20]} Kd7 {[%clk
0:32:26]} 48. Rd6+ {[%clk 0:41:22]} Kc8 {[%clk 0:32:30]} 49. f4 {[%clk 0:40:09]}
Nb5 {[%clk 0:17:16]} 50. Re6 {[%clk 0:40:21]} 1-0

[Event "Budimex Polish Women's Championship"]
[Site "www.chessmanager.com"]
[Date "2018.05.13"]
[Round "2"]
[White "Zawadzka, Jolanta"]
[Black "Sliwicka, Alicja"]
[Result "1-0"]
[Board "2"]
[WhiteElo "2424"]
[WhiteTitle "WGM"]
[WhiteCountry "POL"]
[WhiteFideId "1122320"]
[WhiteEloChange "3"]
[BlackElo "2261"]
[BlackTitle "WFM"]
[BlackCountry "POL"]
[BlackFideId "1150677"]
[BlackEloChange "-6"]

1. e4 {[%clk 1:30:57]} e5 {[%clk 1:30:55]} 2. Nf3 {[%clk 1:31:20]} Nc6 {[%clk
1:31:20]} 3. Bb5 {[%clk 1:31:46]} a6 {[%clk 1:31:44]} 4. Ba4 {[%clk 1:32:13]} Nf6
{[%clk 1:32:07]} 5. O-O {[%clk 1:32:37]} Be7 {[%clk 1:32:33]} 6. Re1 {[%clk
1:32:58]} b5 {[%clk 1:32:55]} 7. Bb3 {[%clk 1:33:24]} d6 {[%clk 1:33:20]} 8. c3
{[%clk 1:33:50]} O-O {[%clk 1:33:44]} 9. h3 {[%clk 1:34:15]} Nb8 {[%clk 1:34:08]}
10. d4 {[%clk 1:33:55]} Nbd7 {[%clk 1:34:32]} 11. Nbd2 {[%clk 1:30:01]} Bb7
{[%clk 1:34:53]} 12. a3 {[%clk 1:26:50]} h6 {[%clk 1:27:56]} 13. Ba2 {[%clk
1:24:20]} c5 {[%clk 1:19:48]} 14. b3 {[%clk 1:05:54]} exd4 {[%clk 1:15:05]} 15.
cxd4 {[%clk 1:05:55]} d5 {[%clk 1:06:09]} 16. e5 {[%clk 1:04:19]} Ne4 {[%clk
1:06:30]} 17. Bb2 {[%clk 1:03:58]} cxd4 {[%clk 1:05:45]} 18. b4 {[%clk 0:53:03]}
a5 {[%clk 0:55:37]} 19. e6 {[%clk 0:44:22]} Nc3 {[%clk 0:50:47]} 20. Bxc3 {[%clk
0:36:35]} dxc3 {[%clk 0:51:08]} 21. Nb3 {[%clk 0:36:36]} fxe6 {[%clk 0:50:33]}
22. Nbd4 {[%clk 0:34:19]} Nf6 {[%clk 0:44:48]} 23. Nxe6 {[%clk 0:34:05]} Qb6
{[%clk 0:44:44]} 24. Nxf8 {[%clk 0:28:07]} Bxf8 {[%clk 0:45:04]} 25. Nd4 {[%clk
0:17:33]} axb4 {[%clk 0:39:57]} 26. axb4 {[%clk 0:17:26]} Bxb4 {[%clk 0:34:53]}
27. Re6 {[%clk 0:17:37]} Qd8 {[%clk 0:33:23]} 28. Qc2 {[%clk 0:16:12]} Kh8 {[%clk
0:28:02]} 29. Rd1 {[%clk 0:12:27]} Qg8 {[%clk 0:21:12]} 30. Rb6 {[%clk 0:10:08]}
Ba6 {[%clk 0:16:26]} 31. Nf3 {[%clk 0:07:06]} Qd8 {[%clk 0:16:08]} 32. Re6 {[%clk
0:07:05]} Bc8 {[%clk 0:15:36]} 33. Re2 {[%clk 0:07:27]} Bb7 {[%clk 0:08:47]} 34.
Bb1 {[%clk 0:06:38]} Qc7 {[%clk 0:04:02]} 35. Nd4 {[%clk 0:06:55]} Ne4 {[%clk
0:03:25]} 36. f3 {[%clk 0:06:51]} Nf6 {[%clk 0:03:50]} 37. Kh1 {[%clk 0:05:57]}
Qg3 {[%clk 0:03:46]} 38. Rde1 {[%clk 0:05:40]} Rg8 {[%clk 0:02:29]} 39. Nf5
{[%clk 0:04:36]} Qg6 {[%clk 0:01:26]} 40. Qb3 {[%clk 0:31:51]} c2 {[%clk
0:30:52]} 41. Bxc2 {[%clk 0:19:52]} Bxe1 {[%clk 0:30:27]} 42. Ne7 {[%clk
0:19:44]} Qg3 {[%clk 0:28:10]} 43. Nxg8 {[%clk 0:19:13]} Kxg8 {[%clk 0:27:53]}
44. Qxb5 {[%clk 0:19:29]} Bc3 {[%clk 0:19:58]} 45. Qxb7 {[%clk 0:15:22]} Be5
{[%clk 0:20:24]} 46. Qa8+ {[%clk 0:15:38]} Kf7 {[%clk 0:20:42]} 47. Qa7+ {[%clk
0:16:01]} Kg8 {[%clk 0:20:50]} 48. Kg1 {[%clk 0:16:00]} Qf4 {[%clk 0:20:23]} 49.
Qa8+ {[%clk 0:10:32]} Kf7 {[%clk 0:20:47]} 50. Qb7+ {[%clk 0:10:54]} Kg8 {[%clk
0:20:37]} 51. Qc8+ {[%clk 0:09:21]} Kf7 {[%clk 0:21:02]} 52. Bf5 {[%clk 0:07:02]}
Bc7 {[%clk 0:15:01]} 53. Qe6+ {[%clk 0:06:51]} Kf8 {[%clk 0:15:23]} 54. Qc8+
{[%clk 0:05:52]} Kf7 {[%clk 0:15:49]} 55. Qe6+ {[%clk 0:06:21]} Kf8 {[%clk
0:16:13]} 56. Bg6 {[%clk 0:06:40]} Qc1+ {[%clk 0:10:02]} 57. Re1 {[%clk 0:06:33]}
Bb6+ {[%clk 0:10:25]} 58. Kh1 {[%clk 0:06:44]} 1-0